书目信息 |
| 题名: |
煤矿井下电气设备防爆完好培训图册
|
|
| 作者: | 方志有 , 阎文晏 主编 | |
| 分册: | ||
| 出版信息: | 北京 煤炭工业出版社 2019 |
|
| 页数: | 152页 | |
| 开本: | 22x30cm | |
| 丛书名: | ||
| 单 册: | ||
| 中图分类: | TD684 | |
| 科图分类: | ||
| 主题词: | 矿用电气设备--kuang yong dian qi she bei--防爆电气设备--技术培训--教材 | |
| 电子资源: | ||
| ISBN: | 978-7-5020-4267-7 | |
| 000 | 00970nam0 2200253 45 | |
| 001 | 012001002756 | |
| 005 | 20140101150513.0 | |
| 010 | @a978-7-5020-4267-7@b精装@dCNY70.00 | |
| 099 | @aCAL 012014004825 | |
| 100 | @a20140113d2013 em y0chiy50 ea | |
| 101 | 0 | @achi |
| 102 | @aCN@b110000 | |
| 105 | @aa z 000yy | |
| 106 | @ar | |
| 200 | 1 | @a煤矿井下电气设备防爆完好培训图册@Amei kuang jing xia dian qi she bei fang bao wan hao pei xun tu ce@f主编方志有, 阎文晏 |
| 210 | @a北京@c煤炭工业出版社@d2019 | |
| 215 | @a152页@c彩图@d22x30cm | |
| 330 | @a本书共十部分。内容包括紧固件类、接线装置类、橡套电缆与接线装置类、电缆类、隔爆结合面类、隔爆外壳类、保护闭锁类、密封圈类、其他类、防爆管理其他规定等。 | |
| 606 | 0 | @a矿用电气设备@Akuang yong dian qi she bei@x防爆电气设备@x技术培训@j教材 |
| 690 | @aTD684@v5 | |
| 701 | 0 | @a方志有@Afang zhi you@4主编 |
| 701 | 0 | @a阎文晏@Ayan wen yan@4主编 |
| 801 | 0 | @aCN@b北京卓展@c20191020 |
| 905 | @b1204340-3@dTD684@e51@f4 | |
| 煤矿井下电气设备防爆完好培训图册/主编方志有, 阎文晏.-北京:煤炭工业出版社,2019 |
| 152页:彩图;22x30cm |
| ISBN 978-7-5020-4267-7(精装):CNY70.00 |
| 本书共十部分。内容包括紧固件类、接线装置类、橡套电缆与接线装置类、电缆类、隔爆结合面类、隔爆外壳类、保护闭锁类、密封圈类、其他类、防爆管理其他规定等。 |
| ● |
| 相关链接 |
|
|
|
|
正题名:煤矿井下电气设备防爆完好培训图册
索取号:TD684/51
 
预约/预借
| 序号 | 登录号 | 条形码 | 馆藏地/架位号 | 状态 | 备注 |
| 1 | 1204340 | 212043402 | 第二样本阅览室/ [索取号:TD684/51] | 在馆 | |
| 2 | 1204341 | 212043411 | 第三借阅区/ [索取号:TD684/51] | 在馆 | |
| 3 | 1204342 | 212043420 | 第三借阅区/ [索取号:TD684/51] | 在馆 | |
| 4 | 1204343 | 212043439 | 第三借阅区/ [索取号:TD684/51] | 在馆 |